| 000 | 02706nkm0a2200457 4500 | ||
|---|---|---|---|
| 001 | RU\NLR\BIBL_A\022664191 | ||
| 005 | 20260408142911.0 | ||
| 035 | _a(NLR Aleph) 022664191 | ||
| 090 |
_a13539404 _c13539404 |
||
| 100 | _a20251112d1915 u y0rusy50 ca | ||
| 101 | 0 | _arus | |
| 102 | _aRU | ||
| 116 | _aiiycxx bizz ad | ||
| 135 | _acrcn 024anaba | ||
| 181 | 0 |
_ab4 _bxb2e |
|
| 182 | 0 | _an | |
| 200 | 1 |
_aМосковский волк _eНедавний случай из жизни московского фабриканта N... _eдрама в 5 частях по сценарию писателя А. И. Свирского _eпостановка артиста императорских театров В. В. Максимова _eТоварищество А. И. Векштейн и К°, Москва _eгенеральное представительство у т/д Керре, Москва, Петроград _e[плакат] |
|
| 203 |
_aИзображение _bнеподвижное _bдвухмерное _bвизуальное _cнепосредственное |
||
| 210 |
_aМосква _cТипография Т. Дортман _d1915 |
||
| 215 |
_a1 л. (6 изобр., 13 строк текста) _cцв. литограф., механ. печ. _d103,3х66,5 |
||
| 300 | _aНа л. в правом верхнем углу фабр. знак т-ва А. И. Векштейн и К° | ||
| 325 | _aКопия доступна в Электрон. б-ке РНБ | ||
| 327 | 0 | _aЧ/б фото сцен фильма | |
| 606 | 1 |
_aКиноплакат русский _z1914 - 1919 _92405409 _3RU\NLR\AUTH\6601653010 |
|
| 686 | 1 | _aЩ153(2Р=Рус)53-465 | |
| 711 | 0 | 2 |
_a"Векштейн А. И. и К°", товарищество _cМосква _3RU\NLR\AUTH\880631522 _92678709 |
| 712 | 0 | 0 |
_4610 _aДортман, _cМосква _gТеодор, _hТипография _9871942 _3RU\NLR\AUTH\880600091 |
| 830 | _aДатировка: Вишневский В. "Художественные фильмы дореволюционной России". - М., Госкиноиздат, 1945.- № 794 | ||
| 852 | 0 | 0 |
_aNLR _bЭ _jАфИс900-II/М825 _mинв.155485 |
| 852 | 0 | 0 |
_aNLR _bЭ _jАфИс900-II/М825 _mЭаф5041 |
| 856 | 0 | _uhttps://vivaldi.nlr.ru/la700001481/view | |
| 856 | 1 | _uhttps://vivaldi.nlr.ru/la700001481/cover | |
| 856 | 2 | _uhttps://vivaldi.nlr.ru/la700001481/text | |
| 942 | _cVISUAL | ||
| 980 | _aNB | ||
| 981 | 1 | 7 |
_a(17) Изографические материалы _b(17) Плакаты |